Catalog

Record Details

Catalog Search



Down river  Cover Image Large Print Book Large Print Book

Down river / Karen Harper.

Summary:

Attending a corporate retreat at a remote resort in Alaska, Lisa Vaughn is plunged into the frigid rapids of the Wild River. Swept away battered and alone she has been left for dead. Lodge owner Mitch Braxton Lisa's ex-fiancé embarks on a heroic search miles downriver and saves Lisa from the deadly water. But far from civilization, the former lovers must put aside their hurt feelings and find the will to survive against nature.

Record details

  • ISBN: 9781410424068
  • ISBN: 1410424065
  • Physical Description: 469 pages (large print) ; 22 cm.
  • Edition: Large print ed.
  • Publisher: Detroit : Thorndike Press, 2010.
Subject: Women lawyers > Fiction.
Rafting (Sports) > Fiction.
Alaska > Fiction.
Large type books.
Genre: Romance fiction.
Thrillers (Fiction)
Large type books.

Available copies

  • 1 of 1 copy available at scottsboropl.

Holds

  • 0 current holds with 1 total copy.
Show Only Available Copies
Location Call Number / Copy Notes Barcode Shelving Location Status Due Date
scottsboropl F Har 32269001157711 Adult - Fiction Available -

LDR 02680cam a2200601 a 4500
001155629
003SBPL
00520210503144549.0
008091124r20102010miu d 000 1 eng
020 . ‡a9781410424068 ‡q(alk. paper)
020 . ‡a1410424065 ‡q(alk. paper)
035 . ‡a(OCoLC)476361410 ‡z(OCoLC)635886060 ‡z(OCoLC)966599402 ‡z(OCoLC)967866342 ‡z(OCoLC)973976269 ‡z(OCoLC)980542152 ‡z(OCoLC)988974833 ‡z(OCoLC)993343558
05010. ‡aPS3558.A624792 ‡bD69 2010
08200. ‡a813/.54 ‡222
1001 . ‡aHarper, Karen ‡q(Karen S.)
24510. ‡aDown river / ‡cKaren Harper.
250 . ‡aLarge print ed.
260 . ‡aDetroit : ‡bThorndike Press, ‡c2010.
300 . ‡a469 pages (large print) ; ‡c22 cm.
336 . ‡atext ‡btxt ‡2rdacontent
337 . ‡aunmediated ‡bn ‡2rdamedia
338 . ‡avolume ‡bnc ‡2rdacarrier
520 . ‡aAttending a corporate retreat at a remote resort in Alaska, Lisa Vaughn is plunged into the frigid rapids of the Wild River. Swept away battered and alone she has been left for dead. Lodge owner Mitch Braxton Lisa's ex-fiancé embarks on a heroic search miles downriver and saves Lisa from the deadly water. But far from civilization, the former lovers must put aside their hurt feelings and find the will to survive against nature.
650 0. ‡aWomen lawyers ‡vFiction.
650 0. ‡aRafting (Sports) ‡vFiction.
651 0. ‡aAlaska ‡vFiction.
650 0. ‡aLarge type books.
655 7. ‡aRomance fiction. ‡2lcgft
655 7. ‡aThrillers (Fiction) ‡2lcgft
655 0. ‡aLarge type books.
901 . ‡a155629 ‡b ‡c155629 ‡tbiblio

Additional Resources